Most Popular NBA Jerseys - Statistics

General Stats
  • This quiz has been taken 145 times
  • The average score is 17 of 24
Answer Stats
Seasons Player % Correct
2020, 2021, 2022, 2023 LeBron James
99%
2020, 2021, 2022, 2023 Stephen Curry
97%
2020, 2021, 2022, 2023 Luka Dončić
95%
2020, 2021, 2022, 2023 G. Antetokounmpo
91%
2020, 2021, 2022, 2023 Kevin Durant
84%
2020, 2021, 2022, 2023 Jayson Tatum
83%
2020, 2021, 2023 Damian Lillard
82%
2020, 2022, 2023 Nikola Jokić
79%
2021, 2022 James Harden
73%
2020, 2021, 2022, 2023 Kyrie Irving
73%
2020, 2021 Russell Westbrook
73%
2022 Klay Thompson
69%
2022, 2023 Devin Booker
68%
2020, 2021 Anthony Davis
67%
2020, 2022, 2023 Ja Morant
67%
2023 Jaylen Brown
66%
2022 Joel Embiid
65%
2020, 2021 Jimmy Butler
64%
2020, 2021 Kawhi Leonard
64%
2022, 2023 LaMelo Ball
58%
2021, 2022 Trae Young
51%
2021 Zion Williamson
43%
2023 Jordan Poole
35%
2020 Kemba Walker
24%
No matching quizzes found
Score Distribution
Percent of People with Each Score
Percentile by Number Answered
Your Score History
You have not taken this quiz